000 00514nam a2200181Ia 4500
003 GCL
008 140319s9999 xx 000 0 eng d
040 _aGCL /
_cGCL
082 0 4 _a759.92
_bL J
100 1 _aLECHIEN, ISABELLE ENAUD
245 1 0 _aJAMES WHISTLER: LE PEINTER ET LE POLEMISTE ( 1834 - 1903 ). /
_cLECHIEN, ISABELLE ENAUD
260 _a[S.N] :
_bACR POCHE COULEUR ،
_c1995
300 _a192 P
650 0 4 _aARTS
650 0 4 _aPAINTERS - BIOGRAPHY
650 0 4 _aWHISTLER, JAMES
942 _2ddc
_cBK
999 _c16097
_d16097